000 00215nmm a2200085Ia 4500
008 220120s9999||||xx |||||||||||||||||und||
082 _a004.2 NOE
100 _aNoergaard, Tammy
245 0 _aEmbedded systems architecture
999 _c139345
_d139345